Charakteristiky obchodných služieb nových členských krajín pri ich vstupe do Európskej únie

Charakteristika obchodných služieb. Bilancia obchodných služieb v nových členských krajinách Európskej únie. Špecializácia krajín na druhy obchodných služieb. Podiel obchodných služieb na hrubom domácom produkte, na zamestnanosti.

Gespeichert in:
Bibliographische Detailangaben
1. Verfasser: Holubcová, Ivana, 1982-
Format: Buchkapitel
Sprache:Slowakisch
Schlagworte:
Tags: Tag hinzufügen
Keine Tags, Fügen Sie das erste Tag hinzu!

MARC

LEADER 00000naa$a2200000$$$4500
001 0066131
005 20240502071802.1
041 0 |a slo 
044 |a SK 
245 1 0 |a Charakteristiky obchodných služieb nových členských krajín pri ich vstupe do Európskej únie  |c Ivana Holubcová 
520 |a Charakteristika obchodných služieb. Bilancia obchodných služieb v nových členských krajinách Európskej únie. Špecializácia krajín na druhy obchodných služieb. Podiel obchodných služieb na hrubom domácom produkte, na zamestnanosti. 
610 2 0 |a služby obchodné 
610 2 0 |a Európska únia 
610 2 0 |a produkt domáci hrubý 
610 2 0 |a zamestnanosť 
100 1 |a Holubcová, Ivana, 1982-